| 000 | 00737cam a2200277 i 4500 | ||
|---|---|---|---|
| 001 | 113882 | ||
| 005 | 20230410143512.0 | ||
| 008 | 131125s2001 po a 000 0 por | ||
| 020 | _a9787714838 | ||
| 041 | 0 | _aspa | |
| 049 | _aGRAL | ||
| 050 |
_aR LB 15 _bD545 2001 |
||
| 082 | 0 | 0 | _a370.3 |
| 245 | 1 | 0 |
_aDiccionário de pedagogia / _cLouis Arenilla ... [et al.] |
| 260 |
_a[Lisboa] : _bInstituto Piaget, _c2001 |
||
| 300 | _a473 p. | ||
| 650 | 0 |
_aEducation _vDictionaries. |
|
| 650 | 4 |
_aEducacion _vDiccionarios |
|
| 650 | 4 |
_aPedagogĂa _vDiccionarios. |
|
| 700 | 1 | _aArenilla, Louis | |
| 700 | 1 | _aGossot, Bernard | |
| 700 | 1 | _aRolland, Marie-Claire | |
| 700 | 1 | _aRousel, Marie-Pierre | |
| 942 |
_2lcc _cbk |
||
| 946 | _aYSL | ||
| 999 |
_c102880 _d102880 |
||